000 02850nam a2200457 a 4500
003 CHAP
005 20241108140428.0
007 cr ||||||a|c|a
008 110111s2010 mx r 00010 spa d
035 _a111875
040 _cCHAP
090 _aTesis
100 1 _aGómez Maldonado, Blanca Neli.
_949792
245 1 0 _aDiplodia sp causante de la pudricción de grano de la avena (Avena sativa L.) en Nanacamilpa, Tlaxcala
_c/por Blanca Neli Gómez Maldonado; director de tesis Santos Gerardo Leyva Mir.
260 _aChapingo, Méx. :
_bEl autor,
_c2010.
300 _a1 recurso en línea (42 páginas):
_bcuadros, figuras.
336 _2rdacontent
_atexto
_btxt
337 _2rdamedia
_acomputadora
_bc
338 _2rdacarrier
_arecursos en línea
_bcr
502 _bIAEPA
_cParasitología
_d2010.
_gLIC
520 _aCon el objetivo de identificar el agente causal de la pudrición de granos de avena se inició con la colecta de granos de avena de la variedad Chihuahua en la localidad de Nanacamilpa, Tlaxcala. Posteriormente se realizó el aislamiento por medio de la siembra directa de las estructuras del hongo, y la inoculación de plantas de avena inducida por la aspersión con el patógeno, utilizando los Postulados de Koch, para llevar a cabo la identificación por medio de las características morfológicas utilizando las claves para el género. Teniendo resultados positivos y logrando identificar el agente causal de la enfermedad el cual presenta como características morfológicas el desarrollo de picnidios globosos con ostiolo papilado en la parte superior de color marrón a oscuro. Dentro de los picnidios se producen los conidios los cuales son de forma fusiformes y bicelulares de color marrón a oscuros. Se identificó el aislamiento del hongo del genero Diplodia sp causando la pudrición del grano de la avena en Nanacamilpa, Tlaxcala. No se realizó la identificación a nivel de especie por ser el primer reporte de este género atacando avena.
590 _aALEPH
_b10
_c20130110
590 _aBATCH-UPD
_b10
_c20130110
590 _aBATCH-UPD
_b10
_c20130410
590 _aBATCH-UPD
_b10
_c20130914
590 _aBATCH-UPD
_b10
_c20140324
590 _aBATCH-UPD
_b10
_c20141002
590 _aCONVERSION
_b10
_c20130109
650 1 4 _aAvena
_xEnfermedades.
_98517
650 1 4 _aAvena
_xTlaxcala.
_98547
650 1 4 _aCereales
_xPudrición.
_921460
650 1 4 _aDiplodia.
_932670
700 1 _aLeyva Mir, Santos Gerardo
_966581
_eDirector de tesis.
856 _uhttp://10.13.5.2/tesis/111875.pdf
_zDESCARGAR PDF
901 _aBK
942 _cTD
_2Clasificación Universidad Autónoma Chapingo
949 _aTesis
_bBC
_cTES
_d33724002224389
_eTS2
_fc.2
_gDonaciØn
_h51710
_i111875
_sb
949 _aTesis
_bBC
_cTES
_d33724002224421
_eTS1
_gDonaciØn
_h51709
_i111875
_sb
999 _c100216
_d100216